Mona lisa overdrive / (Record no. 768)
[ view plain ]
| 000 -LEADER | |
|---|---|
| fixed length control field | 00492nam a22001817a 4500 |
| 005 - DATE AND TIME OF LATEST TRANSACTION | |
| control field | 20230131032805.0 |
| 008 - FIXED-LENGTH DATA ELEMENTS--GENERAL INFORMATION | |
| fixed length control field | 230131b |||||||| |||| 00| 0 eng d |
| 020 ## - INTERNATIONAL STANDARD BOOK NUMBER | |
| International Standard Book Number | 978-0-553-28174-3 |
| 082 ## - DEWEY DECIMAL CLASSIFICATION NUMBER | |
| Classification number | Fic. G451 1989 |
| 100 ## - MAIN ENTRY--PERSONAL NAME | |
| Personal name | Gibson, William |
| Relator term | author |
| 245 ## - TITLE STATEMENT | |
| Title | Mona lisa overdrive / |
| Statement of responsibility, etc. | William Gibson |
| 260 ## - PUBLICATION, DISTRIBUTION, ETC. | |
| Place of publication, distribution, etc. | New York: |
| Name of publisher, distributor, etc. | Bantam Books, |
| Date of publication, distribution, etc. | c1989 |
| 300 ## - PHYSICAL DESCRIPTION | |
| Extent | 308p. |
| 541 ## - IMMEDIATE SOURCE OF ACQUISITION NOTE | |
| Accession number | 5331 |
| 650 ## - SUBJECT ADDED ENTRY--TOPICAL TERM | |
| Topical term or geographic name entry element | Computer - Fiction |
| 650 ## - SUBJECT ADDED ENTRY--TOPICAL TERM | |
| Topical term or geographic name entry element | Fantasy fiction, Canadian |
| 650 ## - SUBJECT ADDED ENTRY--TOPICAL TERM | |
| Topical term or geographic name entry element | Science fiction |
| Withdrawn status | Lost status | Source of classification or shelving scheme | Damaged status | Not for loan | Home library | Current library | Date acquired | Total Checkouts | Full call number | Barcode | Date last seen | Copy number | Price effective from | Koha item type |
|---|---|---|---|---|---|---|---|---|---|---|---|---|---|---|
| Dewey Decimal Classification | ctu-moalboal | ctu-moalboal | 05/03/2018 | Fic. G451 1989 | 5331 | 01/31/2023 | 1 | 01/31/2023 | Books-Fiction |